Strength of Material (Record no. 4875)

MARC details
000 -LEADER
fixed length control field 00387nam a22001697a 4500
005 - DATE AND TIME OF LATEST TRANSACTION
control field 20160630111548.0
008 - FIXED-LENGTH DATA ELEMENTS--GENERAL INFORMATION
fixed length control field 160630b xxu||||| |||| 00| 0 eng d
020 ## - INTERNATIONAL STANDARD BOOK NUMBER
ISBN 81-88458-10-4
041 ## - LANGUAGE CODE
Language code of text/sound track or separate title eng
082 ## - DEWEY DECIMAL CLASSIFICATION NUMBER
Item number 13264
100 ## - MAIN ENTRY--AUTHOR NAME
Personal name Rajput, R K
245 ## - TITLE STATEMENT
Title Strength of Material
260 ## - PUBLICATION, DISTRIBUTION, ETC. (IMPRINT)
Name of publisher Katson
Year of publication 2012
300 ## - PHYSICAL DESCRIPTION
Number of Pages 286
650 ## - SUBJECT ADDED ENTRY--TOPICAL TERM
Topical Term Diploma Engineering
942 ## - ADDED ENTRY ELEMENTS (KOHA)
Koha item type Books
Holdings
Lost status Damaged status Home library Current library Shelving location Date acquired Cost, normal purchase price Full call number Accession Number Koha item type Collection code Source of acquisition
    JRU Library   SHELF-48-H 30/06/2016 130.00 13264 13264 Books    
    JRU Library   SHELF-48-H 30/06/2016 130.00 13264 13265 Books    
    JRU Library   SHELF-48-H 30/06/2016 130.00 13264 13266 Books    
    JRU Library   SHELF-48-H 30/06/2016 130.00 13264 13267 Books    
    JRU Library   SHELF-48-H 30/06/2016 130.00 13264 13268 Books    
    JRU Library   SHELF-48-H 30/06/2016 130.00 13264 13269 Books    
    JRU Library   SHELF-48-H 30/06/2016 130.00 13264 13270 Books    
    JRU Library   SHELF-48-H 30/06/2016 130.00 13264 13271 Books    
    JRU Library   SHELF-48-H 30/06/2016 130.00 13264 13272 Books    
    JRU Library   SHELF-48-H 30/06/2016 130.00 13264 13273 Books    
    JRU Library   SHELF-48-H 30/06/2016 130.00 13264 13274 Books    
    JRU Library   SHELF-48-H 30/06/2016 130.00 13264 13275 Books    
    JRU Library   SHELF-48-H 30/06/2016 130.00 13264 13276 Books    
    JRU Library   SHELF-48-H 30/06/2016 130.00 13264 13277 Books    
    JRU Library   SHELF-48-H 30/06/2016 130.00 13264 13278 Books    
    JRU Library   SHELF-48-H 30/06/2016 130.00 13264 13279 Books    
    JRU Library   SHELF-48-H 30/06/2016 130.00 13264 13280 Books    
    JRU Library   SHELF-48-H 30/06/2016 130.00 13264 13281 Books    
    JRU Library   SHELF-48-H 30/06/2016 130.00 13264 13282 Books    
    JRU Library   SHELF-72-A 30/06/2016 130.00 13264 13283 Books Reference  
    JRU Library   SHELF-48-H 30/06/2016 130.00 13264 13284 Books    
    JRU Library   SHELF-48-H 30/06/2016 130.00 13264 13285 Books    
    JRU Library   SHELF-48-H 30/06/2016 130.00 13264 13286 Books    
    JRU Library   SHELF-48-H 30/06/2016 130.00 13264 13287 Books    
    JRU Library   SHELF-48-H 30/06/2016 130.00 13264 13288 Books    
    JRU Library   SHELF-48-H 30/06/2016 130.00 13264 13289 Books    
    JRU Library   SHELF -72- F 30/06/2016 130.00   13290 Books Reference PURCHES
    JRU Library   SHELF-48-H 30/06/2016 130.00 13264 13291 Books    
    JRU Library   SHELF-48-H 30/06/2016 130.00 13264 13292 Books    
    JRU Library   SHELF-48-H 30/06/2016 130.00 13264 13293 Books    
    JRU Library   SHELF-48-H 30/06/2016 130.00 13264 13294 Books    
    JRU Library   SHELF-48-H 30/06/2016 130.00 13264 13295 Books    
    JRU Library   SHELF-48-H 30/06/2016 130.00 13264 13296 Books    
    JRU Library   SHELF-48-H 30/06/2016 130.00 13264 13297 Books    
    JRU Library   SHELF-48-H 30/06/2016 130.00 13264 13298 Books